000 00856nam a2200253 i 4500
001 15904
003 ES-MaACL
005 20250730063047.0
007 t|
008 000518s1999 sp ||||1| spa d
020 _a84-306-0369-7
080 _a008(4)"18"
100 _aBerlin, Isaiah,
_d1909-1997
_9239356
245 1 4 _aLas raíces del romanticismo
_b: conferencias A. W. Mellon en Bellas Artes, 1965 : The National Gallery of Art, Washington DC /
_cIsaiah Berlin ; edición de Henry Hardy ; traducción de Silvina Marí.
260 _aMadrid :
_bTaurus,
_c1999.
300 _a226 p. ;
_c22 cm.
490 1 _aPensamiento
650 4 _aRomanticismo.
_916943
700 1 _aHardy, Henry.
_961831
700 1 _aMarí, Silvina.
_976646
830 0 _aPensamiento
_9178722
852 _aES-MaACL
_jL-22879
_bR.128316
999 _c15904
_d15904